1480 1366 1070 1124 1106 1912 1037 1750 1209 1986 1269 1534 1577 1900 1412 1649 1857 1858 1717 1879 1361 1349 1103 1045 1177 1978 1481 1888 1037 1453 1432 1342 1115 1215 1182 1657 1885 1944 1105 1301 1018 1729 1792 1558 1404 1278 1111 1124 1821 1059 1434 1547 1723 1306 1479 1111 1888 1998 1457 1507 1565 1697 1406 1903 1161 1231 1678 1914 1268 1228 1828 1245 1180 1393 1797 1498 1686 1037 1016 1319 1902 1774 1328 1981 1907 1344 1549 1449 1832 1366 1742 1990 1058 1520 1966 1253 1390 1448 1714 BCNSPRNW ULIB Ver.6.0+V

เปลี่ยนเป็นภาษาไทย

Change to English
 แสดงรายละเอียดบรรณานุกรม
  กลับหน้าหลัก

Brief Record : Get Marc (ISO 2709) : E-mail record : QR code < ปิดหน้าต่าง
LEADER : 00000nam 2200000uu 4500
001    13399112921
003     ULIB
008    110919s2552||||th 000 0 tha d
020    9786165200110
090    นว.^bว264บ 2552
100 0  วรรณศุกร์
245 00 บัลลังก์รักครีษมายัน/^cวรรณศุกร์
250    พิมพ์ครั้งที่ 1
260    กรุงเทพฯ :^b1168,^c2552
300    288 หน้า
945    ^p195^l0^i16417
995    กัณชพร
999     ^aใช้งานได้ทุกระบบ
รายการนี้ยังไม่มีแท็ก
คุณยังไม่ได้ล็อกอิน คุณสามารถมีกิจกรรมร่วมกับเว็บไซต์ได้ แต่ต้องล็อกอินก่อน ::
  ล็อกอิน

รายการสื่อสารสนเทศ

ลำดับที่ ประเภท เลขเรียก/บาร์โค้ด สถานที่ สถานะ
1. นวนิยาย
นวนิยาย
นว. ว264บ 2552  
  Barcode: 16417
ห้องสมุดวิทยาเขตสวรรค์ประชารักษ์
►นวนิยาย
บนชั้น
  ขอยืม

รายการใกล้เคียง
    ผู้แต่ง [วรรณศุกร์]

BibComment


ยังไม่เคยถูกคอมเมนท์

คอมเมนท์ทรัพยากรรายการนี้
  คอมเมนท์: บัลลังก์รักครีษมา..


 Copyright 2026. Bcnsprnw @Library